000 00333nam a2200133 i 4500
001 bg
100 1 _aMOSER, J.
245 1 0 _aPodstawowe wiadomoĊ›ci o wydawnictwach informacyjnych.
_nCz.1-2 /
_cJ. Moser.
260 _aWarszawa,
_c1989.
040 _cBPK
041 _apol
942 _cKS
008 s pl f |000 0 pol
999 _c28900
_d28900
856 _uhttp://koha.tu.koszalin.pl/cgi-bin/koha/opac-detail.pl?biblionumber=28900
_yKatalog online BPK